Holiday Quiz

Random Holiday or Halloween Quiz
Score 0/10 Timer 08:00
0 Plays Today
Ranking & Origin Candy Name % Correct
#9: (Introduced in 1923) Its name came from a popular type of malted milk drink of the time, not from the galaxy as many may believe.Milky Way
84.3%
# 10: (Introduced in 1946) Was introduced as a replacement for the Dream Bar, which contained diced almonds with coconut.Almond Joy
73.1%
#5: (Introduced in 1935) This four finger bar was originally named 'Rowntree's Chocolate Crisp' until it was renamed '_______ Chocolate Crisp' in 1937.Kit Kat
72.2%
#3: (Introdced in 1930) This bar was named after the favorite horse of the Mars family, and was marketed under the name 'Marathon' in the UK and Ireland until 1990.Snickers
72.2%
#2: (Introduced in 1941) Forrest Mars Sr. conceived the idea for this candy when he saw soldiers eating chocolate pellets covered with a hard shell of tempered chocolate.M&M's
67.6%
#7: (Introduced in 1932) Originally, it had 3 different flavored pieces in one bar--chocolate, strawberry, and vanilla-- hence the name. Today, only the chocolate flavor is left.3 Musketeers
63%
#1 (Introduced in 1928) This candy was created by H.B. R____, a former dairy farmer and shipping foreman for Milton Hershey, who left to start his own candy business.Reese's Peanut Butter Cups
57.4%
#8: (Introduced in 1994) It is a more recent bar from Hershey's line of chocolate brands. It contains cookie bits similar to those of an Oreo cookie.Hershey's Cookies 'N' Cream
56.5%
#4: (Introduced in 1900) This 'Great American Chocolate Bar' was the first mass-produced chocolate bar the United states.Hershey's Milk Chocolate Bar
48.1%
#6: (Introduced 1993) It is a variant of the original bar, which contains only two sticks rather than this one with four. These sticks consist of cookie, caramel, and chocolate.Twix 4 To Go
11.1%
Remove Ads.
Support Sporcle.
Get the best of Sporcle when you Go Orange. This ad-free experience offers more features, more stats, and more fun while also helping to support Sporcle. Thank you for becoming a member.

You're not logged in!

Compare scores with friends on all Sporcle quizzes.
OR
Log In

Show Comments

Extras

Top Quizzes Today


Score Distribution

Your Account Isn't Verified!

In order to create a playlist on Sporcle, you need to verify the email address you used during registration. Go to your Sporcle Settings to finish the process.

Report this User

Report this user for behavior that violates our Community Guidelines.

Details: